Fermentované cereálne a pseudocereálne výrobky pre celiatikov s probiotickým potenciálom

Saved in:
Bibliographic Details
Main Author: Matejčeková, Zuzana (Author)
Other Authors: Valík, Ľubomír (Thesis advisor)
Format: Manuscript Book
Language:Slovak
Published: 2019
Subjects:
Online Access:http://is.stuba.sk/zp/portal_zp.pl?podrobnosti=127858
Tags: Add Tag
No Tags, Be the first to tag this record!

MARC

LEADER 00000ntm a22000003a 4500
001 stuzp54605
003 SK-STU
005 20190824210716.6
007 ta
008 150427s2015----xo-----f-mn---000-0-slo-d
040 |a STU  |b slo 
041 0 |a slo 
100 1 |a Matejčeková, Zuzana  |u 040270  |k Z3  |4 aut  |U FCHPT Ústav potravinárstva a výživy  |T FCHPT Oddelenie výživy a hodnotenia kvality potravín  |X 44006  |U C0270  |Y 686  |7 A0000044006 
242 0 1 |a Fermented cereal and pseudocereal products for celiac patients with probiotic potential  |y eng 
245 1 0 |a Fermentované cereálne a pseudocereálne výrobky pre celiatikov s probiotickým potenciálom 
260 |c 2019 
650 4 |a Lactobacillus plantarum  |2 slo 
650 4 |a Bifidobacterium spp.  |2 slo 
650 4 |a fermentácia  |2 slo 
650 4 |a funkčné potraviny  |2 slo 
650 4 |a prediktívna mikrobiológia  |2 slo 
650 4 |a Lactobacillus plantarum  |2 eng 
650 4 |a Bifidobacterium spp.  |2 eng 
650 4 |a fermentation  |2 eng 
650 4 |a functional foods  |2 eng 
650 4 |a predictive microbiology  |2 eng 
700 1 |a Valík, Ľubomír  |u 040270  |k Z1  |4 ths  |U FCHPT Ústav potravinárstva a výživy  |T FCHPT Oddelenie výživy a hodnotenia kvality potravín  |X 3382  |U C0270  |Y 686  |7 A000003382 
856 4 |u http://is.stuba.sk/zp/portal_zp.pl?podrobnosti=127858